• 首页
  • 本馆介绍
  • 公告通知
  • 最新文献
  • 馆藏检索
  • 电子资源
  • 读者导购
  • 参考咨询
  • 我的图书馆
  • 登录
  • 详细信息显示
  • 放入我的书架
  • 预约/预借图书
  • 作者相关作品
  • 分类相关作品
  • 丛书相关作品
  • 出版社相关作品

书目信息

  • 表格格式
  • 工作单格式
  • 卡片格式
题名:
怎样培植友谊之花
    
 
作者: 曹宪文 著
分册:  
出版信息: 北京   中国青年出版社  1981
页数: 116页
开本: 19cm
丛书名: 青年修养丛书
单 册:
中图分类: D432-51
科图分类:
主题词: 中国青年运动--丛书 , 青年组织--中国--丛书 , 学生运动--中国--丛书 , 学生组织--中国--丛书
电子资源:
ISBN:
000 00801nam2 2200289 45
001 0181002782
005 20060814105431.60
010    @dCNY0.25
091    @a7009.263
100    @a19950629d1981 em y0chiy0121 ea
101 0  @achi
102    @aCN@b110000
105    @ay z 000yy
200 10 @a怎样培植友谊之花@Azen yang pei zhi you yi zhi hua@f曹宪文著@FCao Xian Wen Zhu
210    @a北京@c中国青年出版社@d1981
215    @a116页@d19cm
225 2  @a青年修养丛书
410  0 @120010@a青年修养丛书
606 0  @a中国青年运动@x丛书
606 0  @a青年组织@x中国@x丛书
606 0  @a学生运动@x中国@x丛书
606 0  @a学生组织@x中国@x丛书
690    @aD432-51@v3
701  0 @a曹宪文@4著
801  0 @aCN@b上海图书馆@c20060814
801  2 @aCN@bNLC@c20060728
905    @dD432-51@e31@f1@b58168
    
    怎样培植友谊之花/曹宪文著.-北京:中国青年出版社,1981
    116页;19cm.-(青年修养丛书)
    
    
    ISBN :CNY0.25
    
●
相关链接 在E读中查询图书 在五车中查询图书 在当当中查询图书 在豆瓣中查询图书


正题名:怎样培植友谊之花     索取号:D432-51/31         预约/预借

序号 登录号 条形码 馆藏地/架位号 状态 备注
1 0058166   202365154   密集书库/ [索取号:D432-51/31] 在馆    
2 0058167   000382320   密集书库/ [索取号:D432-51/31] 在馆    
3 0058168   000382357   密集书库/ [索取号:D432-51/31] 在馆    
4 0082493   000382838   密集书库/ [索取号:D432-51/31] 在馆    
5 0082494   000382687   密集书库/ [索取号:D432-51/31] 在馆    
6 0082495   000382829   密集书库/ [索取号:D432-51/31] 在馆    
7 0082496   000382678   密集书库/ [索取号:D432-51/31] 在馆    
8 0082497   000382669   第一样本阅览室/ [索取号:D432-51/31] 在馆    
9 0424326   204243265   密集书库/ [索取号:D432-51/31] 在馆    
10 0440563   204405633   密集书库/ [索取号:D432-51/31] 在馆    
11 0440564   204405642   密集书库/ [索取号:D432-51/31] 在馆    
12 0440565   204405651   密集书库/ [索取号:D432-51/31] 在馆    
13 0440566   204405660   密集书库/ [索取号:D432-51/31] 在馆    
14 0459715   204597150   密集书库/ [索取号:D432-51/31] 在馆    
唐山师范学院图书馆 欢迎您!
大连网信软件有限公司© 版权所有